[Event "Val Thorens op"]
[Site "Val Thorens"]
[Date "2009.??.??"]
[Round "4"]
[White "Nockels, Nicolas"]
[Black "Pucher, Sebastien"]
[Result "0-1"]
[WhiteElo "1976"]
[BlackElo "2269"]
[PlyCount "54"]
[EventDate "2009.07.18"]
[EventType "swiss"]
[EventRounds "9"]
[EventCountry "FRA"]
[SourceTitle "CBM 131 Extra"]
[Source "ChessBase"]
[SourceDate "2009.09.03"]
[SourceVersion "2"]
[SourceVersionDate "2009.09.16"]
[SourceQuality "1"]

1. e4 c5 2. Nf3 d6 3. d4 cxd4 4. Nxd4 Nf6 5. Nc3 a6 6. Be3 e5 7. Nb3 Be6 8. f3 Nbd7 9. Qd2 b5 10. g4 Nb6 11. a3 Be7 12. Na5 Rc8 13. Rd1 d5 14. g5 d4 15. gxf6 Bxf6 16. Qg2 Nd7 17. Nb7 Qc7 18. Bg5 Qxb7 19. Bxf6 gxf6 20. Nb1 Ke7 21. c3 Bb3 22. Rd2 Ba2 23. Bd3 Nc5 24. Qe2 Nb3 25. Rd1 Bxb1 26. Bxb1 dxc3 27. bxc3 Qb6 0-1

[Event "FRA-ch U18"]
[Site "La Roche sur Yon"]
[Date "2008.04.21"]
[Round "3"]
[White "Nockels, Nicolas"]
[Black "Delorme, Axel"]
[Result "0-1"]
[WhiteElo "1968"]
[BlackElo "2377"]
[PlyCount "58"]
[EventDate "2008.04.21"]
[EventType "swiss"]
[EventRounds "9"]
[EventCountry "FRA"]
[SourceTitle "EXT 2010"]
[Source "ChessBase"]
[SourceDate "2010.11.25"]
[SourceVersion "1"]
[SourceVersionDate "2010.11.25"]
[SourceQuality "1"]

1. e4 c5 2. Nf3 d6 3. d4 cxd4 4. Nxd4 Nf6 5. Nc3 a6 6. g3 e5 7. Nde2 Be7 8. Bg2 0-0 9. h3 b5 10. g4 b4 11. Nd5 Nxd5 12. exd5 f5 13. gxf5 Bxf5 14. Ng3 Bg6 15. 0-0 Qc8 16. Qe1 Qxc2 17. Qxb4 Bd3 18. Be4 Nd7 19. Bxd3 Qxd3 20. Qg4 Nf6 21. Rd1 Nxg4 22. Rxd3 Nxf2 23. Rc3 Nxh3+ 24. Kg2 Nf4+ 25. Bxf4 exf4 26. Ne4 Rac8 27. Rac1 Rxc3 28. Rxc3 g5 29. Rc6 g4 0-1

[Event "Val Thorens op 33th"]
[Site "Val Thorens"]
[Date "2007.07.15"]
[Round "2"]
[White "Bronznik, Valerij"]
[Black "Nockels, Nicolas"]
[Result "1-0"]
[WhiteElo "2402"]
[BlackElo "1950"]
[PlyCount "43"]
[EventDate "2007.07.14"]
[EventType "swiss"]
[EventRounds "9"]
[EventCountry "FRA"]
[SourceTitle "EXT 2010"]
[Source "ChessBase"]
[SourceDate "2010.11.25"]
[SourceVersion "1"]
[SourceVersionDate "2010.11.25"]
[SourceQuality "1"]

1. d4 d5 2. c4 c6 3. Nf3 Nf6 4. Nc3 dxc4 5. a4 e6 6. e3 Nbd7 7. Bxc4 Bb4 8. 0-0 Qa5 9. Qc2 0-0 10. Bb3 e5 11. Rd1 Re8 12. Ng5 Re7 13. Bxf7+ Rxf7 14. Qb3 Nd5 15. Nxf7 Kxf7 16. e4 Bxc3 17. exd5 cxd5 18. bxc3 exd4 19. cxd4 Nb6 20. Bd2 Qa6 21. a5 Nc4 22. Qf3+ 1-0